LEADER 03249nam a2200457 u 4500 001 000000004396 003 CaOOAMICUS 005 20070226104639.0 008 070226s1979 it af u000 u ita u 035 $a10116388 040 $aEFR$bita$dBAV-R2$dIAR 100 1 $aMorghen, Raffaello,$d1896-1983.$0(OLS)http://pul/name/4542 240 10$aGruppi, scelte$9(Morghen, Raffaello, 1896-1983).$0(OLS)http://pul/title/6353 245 10$aTradizione religiosa nella civiltà dell'Occidente cristiano :$bsaggi di storia e di storiografia /$cRaffaello Morghen. 260 $aRoma :$bIstituto storico italiano per il Medio Evo,$c1979. 300 $axii, 292 p., [6] leaves of plates :$bill., tav., ;$c25 cm 490 1 $aStudi storici (Istituto storico italiano per il Medio Evo) ;$v112-114 650 0$aChurch history$xHistoriography.$2//eng$0(OLS)http://pul/subject/3768 774 0 $aMorghen, Raffaello.$tIl culto dei santi nelle fonti agiografiche dell'Alto Medioevo$w()95903 774 0 $aMorghen, Raffaello.$tAgiografia e iconografia nei mosaici e nei reperti archeologici di S. Pudenziana in Roma$w()95904 774 0 $aMorghen, Raffaello.$tL'Epigrafe del vescovo Cassio e la "Narnensis civitas" nell'Alto Medioevo$w()95905 774 0 $aMorghen, Raffaello.$tIntroduzione alla lettura di Gregorio di Tours$w()95906 774 0 $aMorghen, Raffaello.$tLa civiltà dei Longobardi nella "Historia Langobardorum" di Paolo Diacono$w()95907 774 0 $aMorghen, Raffaello.$tIl culto di S. Margherita e di S. Reparata a Firenze$w()95908 774 0 $aMorghen, Raffaello.$tAspetti ereticali dei movimenti religiosi popolari$w()95909 774 0 $aMorghen, Raffaello.$tIl cardinale Matteo Rosso Orsini e la crisi del pontificato romano alla fine del secolo XIII$w()95910 774 0 $aMorghen, Raffaello.$tBonifacio VIII e il giubileo del 1300 nella storiografia moderna$w()95911 774 0 $aMorghen, Raffaello.$tDante e Averroè$w()95912 774 0 $aMorghen, Raffaello.$tRiforma cattolica e cultura storica nella Roma del primo '600$w()95913 774 0 $aMorghen, Raffaello.$tLa confraternite dei Disciplinati e alcuni aspetti della religiosità laica nell'età moderna$w()95914 774 0 $aMorghen, Raffaello.$tIl pensiero religioso di Giuseppe Mazzini e la secolarizzazione della tradizione cristiana$w()95915 774 0 $aMorghen, Raffaello.$tIl rinnovamento degli studi storici in Roma dopo il 1870$w()95916 774 0 $aMorghen, Raffaello.$tLouis Duchesne e Ernesto Buonaiuti storici della chiesa e del cristianesimo$w()95917 774 0 $aMorghen, Raffaello.$tCrisi di civiltà e storiografia del nostro tempo$w()95918 830 0$aStudi storici (Istituto storico italiano per il Medio Evo) ;$v112-114.$0(OLS)http://pul/title/6355 850 $aPUL 852 $aPUL$W1$xDP1 Fondo Maccarrone$y58$m1504 F 36$j6164$nBK-PRI$b $qFondi$B6164$CPULBib$Z2$F6164 $H $81 941 1 $a1 961 $aINV: 01337 -- Fondo Mons. M. Maccarrone 996 $6245$aTradizione religiosa nella civiltà dell'Occidente cristiano :$bsaggi di storia e di storiografia$9(OLS)http://pul/title/6354 996 $6260$aRoma :$bIstituto storico italiano per il Medio Evo$9(OLS)http://pul/publisher/49609 LEADER 01391nam a2200337 u 4500 001 000000082527 003 CaOOAMICUS 005 20070226123855.0 008 050414s2005 it u000 u ita u 020 $a8839924124 035 $a11039310 040 $aPUL$bita 100 1 $aBrambilla, Franco Giulio,$d1949-$0(OLS)http://pul/name/11838 245 10$aAntropologia teologica :$bchi è l'uomo perchè te ne curi? /$cFranco Giulio Brambilla. 260 $aBrescia :$bQueriniana,$cc2005. 300 $a636 p. ;$c24 cm 490 1 $aNuovo corso di teologia sistematica ;$v12 500 $aInclude indice. 504 $aBibliografia p. [595]-613. 650 4$aUomo (teologia).$0(OLS)http://pul/subject/1029 830 0$aNuovo corso di teologia sistematica ;$v12.$0(OLS)http://pul/title/76974 850 $aPUL 852 $aPUL$W1$xDP2 Religione 1$y63$m57 B 69.12$j105134$nBK-PRI$qStampati$B105134$CPULBib$Z2$F105134 $HPUL98103 $82 941 1 $a8 960 $aUmanesimo cristiano$91029 960 $aUmanesimo cristiano$91029 960 $aAntropologia teologica$91029 960 $aAntropologia teologica$91029 996 $6020$a8839924124$9(OLS)http://pul/number/109388 996 $6245$aAntropologia teologica :$bchi è l'uomo perchè te ne curi?$9(OLS)http://pul/title/107827 996 $6260$aBrescia :$bQueriniana$9(OLS)http://pul/publisher/47906